01737cam a2200325 i 4500003000900000005001700009007000300026008004100029020001800070040003000088082001400118100002700132240006000159245008400219250001900303264005100322264003000373300002600403336002700429337003400456338002800490490002200518500003600540500002500576500006100601504002500662520065900687700003401346700003101380DO-SdBNP20240301185228.0ta751003s2011 sp 001 0 spa d a9788420655000 aDO-SdBNPbspacBNPHUerda bM392e2221 aMarx, Karl,d1818-188310aManifest der kommunistischen partei (1848) /lEspañol10aManifiesto comunista /cKarl Marx, Friedrich Engels ; traducción Pedro Ribas  a2a. edición  1aMadrid, España :bAlianza editorial, c2011. 3c2017, 7ma. reimpresión  a135 páginasc18 cm. 2rdacontentatextobtxt 2rdamediaasin mediación bn 2rdacarrieravolumenbnc1 aCiencias sociales aIncluye Índice onomástico.  aEl libro de bolsillo aLa biblioteca posee la séptima reimpresión del 2017. aBibliografía p: 43 aSi bien el manifiesto comunista fue concebido, al igual que otras obras capitales de la reflexión política, como un panfleto, el paso del tiempo, que ha decantado la intensidad épica de su prosa, y su indiscutible relevancia en el devenir de la historia del mundo moderno, han conferido la categoría de clásico del pensamiento al opúsculo que publicaran en 1848 Karl Marx (1818-1883) y Friedrich Engels (1820-1895). La presente edición del texto está precedida por una introducción a Marx y a la historia del marxismo, cuenta con notas destinadas a clarificar los pasajes oscuros y se completa con un sencillo e indispensable glosario. 1 aEngels, Friedrich,d1820-18951 aRibas, Pedroetraducción